Random 2010's Movies by Hint - Statistics

General Stats
  • This quiz has been taken 25 times
  • The average score is 9 of 20
Answer Stats
Year Movie Director Actor % Correct
2010 Inception Christopher Nolan Leonardo DiCaprio
100%
2010 Iron Man 2 Jon Favreau Robert Downey Jr.
100%
2012 The Hunger Games Gary Ross Jennifer Lawrence
100%
2013 The Wolf of Wall Street Martin Scorsese Leonardo DiCaprio
100%
2011 Thor Kenneth Branagh Chris Hemsworth
100%
2010 The Social Network David Fincher Jesse Eisenberg
89%
2010 The King's Speech Tom Hooper Colin Firth
88%
2018 Aquaman James Wan Jason Momoa
83%
2019 Cats Tom Hooper Taylor Swift
83%
2019 Knives Out Rian Johnson Daniel Craig
83%
2014 Whiplash Damien Chazelle Miles Teller
83%
2012 The Amazing Spider-Man Marc Webb Andrew Garfield
80%
2016 La La Land Damien Chazelle Emma Stone
75%
2019 The Irishman Martin Scorsese Robert De Niro
75%
2015 The Martian Ridley Scott Matt Damon
75%
2018 Bohemian Rhapsody Bryan Singer Rami Malek
71%
2013 American Hustle David O. Russell Christian Bale
67%
2012 Argo Ben Affleck Ben Affleck
67%
2014 Gone Girl David Fincher Ben Affleck
67%
2014 Interstellar Christopher Nolan Matthew McConaughey
67%
2012 Les Miserables Tom Hooper Hugh Jackman
67%
2017 Wonder Woman Patty Jenkins Gal Gadot
67%
2016 Zoolander Ben Stiller Ben Stiller
67%
2014 The Grand Budapest Hotel Wes Anderson Ralph Fiennes
63%
2018 First Man Damien Chazelle Ryan Gosling
60%
2013 Man of Steel Zack Snyder Henry Cavill
60%
2017 The Greatest Showman Michael Gracey Hugh Jackman
57%
2017 Lady Bird Greta Gerwig Saoirse Ronan
56%
2019 Little Women Greta Gerwig Saoirse Ronan
50%
2016 Miss Peregrine's Home For Peculiar Children Tim Burton Eva Green
50%
2012 Skyfall Sam Mendes Daniel Craig
50%
2016 Split M. Night Shyamalan James McAvoy
50%
2019 6 Underground Michael Bay Ryan Reynolds
43%
2010 Shutter Island Martin Scorsese Leonardo DiCaprio
43%
2011 Hugo Martin Scorsese Asa Butterfield
40%
2017 Jumanji: Welcome to the Jungle Jake Kasdan Dwayne Johnson
40%
2012 Looper Rian Johnson Joseph Gordon-Levitt
40%
2012 Silver Linings Playbook David O. Russell Jennifer Lawrence
40%
2015 The Big Short Adam McKay Brad Pitt
40%
2018 Vice Adam McKay Christian Bale
40%
2011 The Ides of March George Clooney George Clooney
38%
2010 The Town Ben Affleck Ben Affleck
38%
2012 Magic Mike Steven Soderbergh Channing Tatum
33%
2011 The Girl With the Dragon Tattoo David Fincher Daniel Craig
33%
2013 The Wolverine James Mangold Hugh Jackman
33%
2015 Tomorrowland Brad Bird George Clooney
33%
2017 Wonder Stephen Chbosky Jacob Tremblay
33%
2011 X-Men: First Class Matthew Vaughn James McAvoy
33%
2019 Ford v. Ferrari James Mangold Christian Bale
31%
2011 Mission: Impossible: Ghost Protocol Brad Bird Tom Cruise
29%
2018 Isle of Dogs Wes Anderson Bryan Cranston
25%
2014 Jack Ryan: Shadow Recruit Kenneth Branagh Chris Pine
25%
2015 Pixels Chris Columbus Adam Sandler
25%
2010 Scott Pilgrim vs. the World Edgar Wright Michael Cera
25%
2012 The Dark Knight Rises Christopher Nolan Christian Bale
25%
2014 The Interview Seth Rogen Seth Rogen
25%
2010 The Other Guys Adam McKay Will Ferrell
25%
2013 The World's End Edgar Wright Simon Pegg
25%
2012 This Means War McG Reese Witherspoon
25%
2013 Gravity Alfonso Cuaron Sandra Bullock
20%
2015 Joy David O. Russell Jennifer Lawrence
20%
2010 Percy Jackson and the Olympians: The Lightning Thief Chris Columbus Logan Lerman
20%
2014 Big Eyes Tim Burton Amy Adams
17%
2014 Kingsman: The Secret Service Matthew Vaughn Taron Edgerton
17%
2012 The Perks of Being A Wallflower Stephen Chbosky Logan Lerman
17%
2013 The Secret Life of Walter Mitty Ben Stiller Ben Stiller
17%
2011 We Bought A Zoo Cameron Crowe Matt Damon
17%
2016 Money Monster Jodie Foster Julia Roberts
14%
2013 After Earth M. Night Shyamalan Will Smith
13%
2013 Anchorman 2: The Legend Continues Adam McKay Will Ferrell
0%
2015 Cinderella Kenneth Branagh Lily James
0%
2011 Cowboys and Aliens Jon Favreau Daniel Craig
0%
2019 Dumbo Tim Burton Colin Farrell
0%
2010 Knight and Day James Mangold Tom Cruise
0%
2014 Night at the Museum: Secret of the Tomb Shawn Levy Ben Stiller
0%
2017 Suburbicon George Clooney Matt Damon
0%
2017 The Disaster Artist James Franco James Franco
0%
2010 The Fighter David O. Russell Christian Bale
0%
2014 The Monuments Men George Clooney Matt Damon
0%
2014 The Sound and the Fury James Franco James Franco
0%
No matching quizzes found
Score Distribution
Percent of People with Each Score
Percentile by Number Answered
Your Score History
You have not taken this quiz